000 00481nam a22001817a 4500
005 20130611144432.0
010 _aENG-107549
020 _a9788122201352
_c80.00
035 _aEN-91082
037 _bDBAD/PUB
082 _aN
100 _aMarkandaya, Kamala
245 _aA handful of rice /
_cby Kamala Markandaya
260 _aNew Delhi
_bOrient Paperbacks
_c1985
270 _a5A/8 Ansari Road
_bNew Delhi
_e110002
300 _a237p.
_c18cm(pbk)
942 _2ddc
_cEN
_hN
_mMAR
999 _c76466
_d76466